000 00576nam a2200217Ia 4500
003 OSt
005 20220926044737.0
006 a|||||r|||| 00| 0
007 ta
008 220923b |||||||| |||| 00| 0 eng d
037 _cGeneral Book
040 _aRTL
_cRTL
_beng
041 _2eng
_aeng
082 _aX.213.N6, K5
111 _aNational Council of Applied Economic Research (New Delhi)
245 0 _aTechno-economic survey of Mysore
260 _c1965
300 _axiv,384p.
_ccm.
942 _hX.213.N6, K5
_cGB
_2CC
999 _c675679
_d675679